Environmental engineering (Record no. 5357)

000 -LEADER
fixed length control field 00678nam a2200241 4500
001 - CONTROL NUMBER
control field 5357
003 - CONTROL NUMBER IDENTIFIER
control field BD-DhUET
008 - FIXED-LENGTH DATA ELEMENTS--GENERAL INFORMATION
fixed length control field 141126b xxu||||| |||| 00| 0 eng d
020 ## - INTERNATIONAL STANDARD BOOK NUMBER
International Standard Book Number 0071002316
040 ## - CATALOGING SOURCE
Transcribing agency 0
Modifying agency BD-DhUET
082 ## - DEWEY DECIMAL CLASSIFICATION NUMBER
Classification number 628
Item number PEA/1985
100 ## - MAIN ENTRY--PERSONAL NAME
Personal name Peavy, Howard S
245 ## - TITLE STATEMENT
Title Environmental engineering
250 ## - EDITION STATEMENT
Edition statement 1st ed.
260 ## - PUBLICATION, DISTRIBUTION, ETC. (IMPRINT)
Place of publication, distribution, etc. New york
Name of publisher, distributor, etc. McGraw-Hill
Date of publication, distribution, etc. 1985
300 ## - PHYSICAL DESCRIPTION
Extent xiv,699 p.+various paging
Other physical details ill.
490 ## - SERIES STATEMENT
Series statement McGraw-Hill series in water resources and environmental engineering
504 ## - BIBLIOGRAPHY, ETC. NOTE
Bibliography, etc Includes bibliographies
650 #0 - SUBJECT ADDED ENTRY--TOPICAL TERM
Topical term or geographic name as entry element Environmental engineering
700 ## - ADDED ENTRY--PERSONAL NAME
Personal name Rowe, Donald R.
700 ## - ADDED ENTRY--PERSONAL NAME
Personal name Tchobanoglous, George
942 ## - ADDED ENTRY ELEMENTS (KOHA)
Koha item type General Book
Holdings
Koha full call number Koha issues (times borrowed) Damaged status Koha date last borrowed Location (home branch) Source of classification or shelving scheme Koha date last seen Lost status Piece designation (barcode) Koha item type Koha renewals Shelving location Withdrawn status Sublocation or collection (holding branch) Not for loan Price effective from Copy number Koha normalized classification for sorting Date acquired
628/PEA/19859 2023-12-10Central Library, BUET 2024-09-08 81896General Book Circulation section Central Library, BUET 2014-11-261628PEA19852014-11-26
628/PEA/198510 2024-03-16Central Library, BUET 2024-06-02 81895General Book Circulation section Central Library, BUET 2014-11-262628PEA19852014-11-26
628/PEA/1985   Central Library, BUET 2015-06-18 88788Reading Item Reading section Central Library, BUET 2015-06-183628_000000000000000_PEA_19852015-06-18
628/PEA/1985   Central Library, BUET 2015-06-18 87579Reading Item Reading section Central Library, BUET 2015-06-184628_000000000000000_PEA_19852015-06-18
628/PEA/19852 2020-03-16Central Library, BUET 2021-11-13 81894General Book Circulation section Central Library, BUET 2017-10-315628_000000000000000_PEA_19851991-10-28
628 PEA/1985   Central Library, BUET 2024-12-01 81847Rental Item Rental section Central Library, BUET 2024-12-01ক-৫১628_000000000000000_PEA_19851991-10-28
628 PEA/1985   Central Library, BUET 2024-12-01 81874Rental Item Rental section Central Library, BUET 2024-12-01ক-৭৮628_000000000000000_PEA_19851991-10-28
628 PEA/1985   Central Library, BUET 2024-12-01 81875Rental Item Rental section Central Library, BUET 2024-12-01ক-৭৯628_000000000000000_PEA_19851991-10-28
628 PEA/1985   Central Library, BUET 2024-12-01 81876Rental Item Rental section Central Library, BUET 2024-12-01ক-৮০628_000000000000000_PEA_19851991-10-28
628 PEA/1985   Central Library, BUET 2024-12-01 81877Rental Item Rental section Central Library, BUET 2024-12-01ক-৮১628_000000000000000_PEA_19851991-10-28
628 PEA/1985   Central Library, BUET 2024-12-01 81878Rental Item Rental section Central Library, BUET 2024-12-01ক-৮২628_000000000000000_PEA_19851991-10-28
628 PEA/1985   Central Library, BUET 2024-12-01 81879Rental Item Rental section Central Library, BUET 2024-12-01ক-৮৩628_000000000000000_PEA_19851991-10-28
628 PEA/1985   Central Library, BUET 2024-12-01 81880Rental Item Rental section Central Library, BUET 2024-12-01ক-৮৪628_000000000000000_PEA_19851991-10-28
628 PEA/1985   Central Library, BUET 2024-12-01 81881Rental Item Rental section Central Library, BUET 2024-12-01ক-৮৫628_000000000000000_PEA_19851991-10-28
628 PEA/1985   Central Library, BUET 2024-12-01 81882Rental Item Rental section Central Library, BUET 2024-12-01ক-৮৬628_000000000000000_PEA_19851991-10-28
628 PEA/1985   Central Library, BUET 2024-12-01 81883Rental Item Rental section Central Library, BUET 2024-12-01ক-৮৭628_000000000000000_PEA_19851991-10-28
628 PEA/1985   Central Library, BUET 2024-12-01 81884Rental Item Rental section Central Library, BUET 2024-12-01ক-৮৭628_000000000000000_PEA_19851991-10-28